Colección documental del descubrimiento : (Record no. 10635)

MARC details
000 -LEADER
campo de control de longitud fija 02010nam a22003855i 4500
001 - NÚMERO DE CONTROL
campo de control 10635
003 - IDENTIFICADOR DE NÚMERO DE CONTROL
campo de control ES-MaACL
005 - FECHA Y HORA DE LA ÚLTIMA TRANSACCIÓN
campo de control 20250731063017.0
007 - CAMPO FIJO DE DESCRIPCIÓN FÍSICA--INFORMACIÓN GENERAL
campo de control de longitud fija t|
008 - DATOS DE LONGITUD FIJA--INFORMACIÓN GENERAL
campo de control de longitud fija 941117s1994 sp ||||0| spa j
017 ## - NÚMERO DE COPYRIGHT O DE DEPÓSITO LEGAL
Número de copyright o de depósito legal M 32115-1994
Agencia que asigna Oficina Depósito Legal Madrid
020 ## - NÚMERO INTERNACIONAL ESTÁNDAR DEL LIBRO
Número Internacional Estándar del Libro 84-7100-644-8
040 ## - FUENTE DE CATALOGACIÓN
Centro catalogador/agencia de origen M-BN
Lengua de catalogación spa
Centro/agencia transcriptor M-BN
080 ## - NÚMERO DE LA CLASIFICACIÓN DECIMAL UNIVERSAL
Número de la Clasificación Decimal Universal 98(=60)"1492/1600"(093)
245 00 - MENCIÓN DEL TÍTULO
Título Colección documental del descubrimiento :
Resto del título (1470-1506) /
Mención de responsabilidad, etc. Juan Pérez de Tudela (director de la edición) ; Carlos Seco Serrano, Ramón Ezquerra Abadía, Emilio López Oto
260 ## - PUBLICACIÓN, DISTRIBUCIÓN, ETC.
Lugar de publicación, distribución, etc. [Madrid] :
Nombre del editor, distribuidor, etc. Real Academia de la Historia :
-- Consejo Superior de Investigaciones Científicas :
-- Fundación MAPFRE América,
Fecha de publicación, distribución, etc. 1994
300 ## - DESCRIPCIÓN FÍSICA
Extensión 3 volúmenes (2225 páginas) ;
Dimensiones 26 cm
500 ## - NOTA GENERAL
Nota general Índices
504 ## - NOTA DE BIBLIOGRAFÍA, ETC.
Nota de bibliografía, etc. Bibliografía: v. 3, páginas [2127]-2147
505 8# - NOTA DE CONTENIDO CON FORMATO
Nota de contenido con formato Vol. 1. 22 de septiembre de 1470-12 de junio de 1494 (CCXLIV, 626 p.) - v. 2. 21 de junio de 1494-12 de diciembre de 1501 ([4], p. 627-1362) - v. 3. 12 de diciembre de 1501-4 de junio de 1506 - Addenda ([4], p. 1363-2225, [2] p.)
530 ## - NOTA DISPONIBLE DE FORMULARIO FÍSICO ADICIONAL
Nota de formato físico adicional disponible Disponible en formato digital
651 #4 - PUNTO DE ACCESO ADICIONAL DE MATERIA--NOMBRE GEOGRÁFICO
Nombre geográfico América española-
Subdivisión general Historia-
Subdivisión cronológica 1492-1600 (Descubrimiento y conquista)-
Subdivisión de forma Fuentes
9 (RLIN) 7725
700 1# - ENTRADA AGREGADA--NOMBRE PERSONAL
Nombre de persona Pérez de Tudela y Bueso, Juan,
Fechas asociadas al nombre 1922-2004
Término indicativo de función/relación Director de publicación
9 (RLIN) 90810
700 1# - ENTRADA AGREGADA--NOMBRE PERSONAL
Nombre de persona Seco Serrano, Carlos,
Fechas asociadas al nombre 1923-2020
Término indicativo de función/relación Autor
9 (RLIN) 105054
700 1# - ENTRADA AGREGADA--NOMBRE PERSONAL
Nombre de persona Ezquerra Abadía, Ramón,
Fechas asociadas al nombre 1904-1994
Término indicativo de función/relación Autor
9 (RLIN) 48475
700 1# - ENTRADA AGREGADA--NOMBRE PERSONAL
Nombre de persona López Oto, Emilio,
Fechas asociadas al nombre 1920-
Término indicativo de función/relación Autor
9 (RLIN) 241456
710 2# - ENTRADA AGREGADA--NOMBRE DE ENTIDAD CORPORATIVA
Nombre de entidad corporativa o nombre de jurisdicción como elemento de entrada Real Academia de la Historia (España)
Término indicativo de función/relación Editor
9 (RLIN) 6309
710 2# - ENTRADA AGREGADA--NOMBRE DE ENTIDAD CORPORATIVA
Nombre de entidad corporativa o nombre de jurisdicción como elemento de entrada Consejo Superior de Investigaciones Científicas (España)
Término indicativo de función/relación Editor
9 (RLIN) 3236
710 2# - ENTRADA AGREGADA--NOMBRE DE ENTIDAD CORPORATIVA
Nombre de entidad corporativa o nombre de jurisdicción como elemento de entrada Fundación MAPFRE América
Término indicativo de función/relación Editor
9 (RLIN) 4363
852 ## - LOCALIZACIÓN
Ubicación ES-MaACL
Sublocalización o colección R.124199
Número de control de estantería L-18032-34
Ubicación en estantería Depósito 2
856 ## - LOCALIZACIÓN Y ACCESO ELECTRÓNICOS
Identificador Uniforme de Recursos <a href="https://bibliotecadigital.rah.es/es/consulta/registro.do?id=62209">https://bibliotecadigital.rah.es/es/consulta/registro.do?id=62209</a>
Texto de enlace Versión en línea
Nota pública (Biblioteca Digital Real Academia de la Historia)
942 ## - ELEMENTOS DE ENTRADA SECUNDARIOS (KOHA)
Fuente del sistema de clasificación o colocación Clasificación decimal universal
Tipo de ítem Koha Libro impreso
Suprimir en OPAC No
Holdings
Estatus retirado Estado de pérdida Fuente del sistema de clasificación o colocación Estado de daño No para préstamo Biblioteca de origen Biblioteca actual Ubicación en estantería Fecha de adquisición Total de préstamos Signatura topográfica completa Código de barras Visto por última vez Tipo de ítem Koha
    Clasificación decimal universal     Biblioteca del Ateneo de Madrid Biblioteca del Ateneo de Madrid Depósito 2 17/01/2008   L-18032-34 1010847 23/02/2023 Libro impreso